1701 1002 1490 1646 1634 1696 1492 1521 1985 1313 1502 1113 1530 1283 1506 1498 1755 1952 1979 1807 1997 1280 1333 1340 1387 1722 1297 1085 1422 1323 1724 1135 1321 1722 1685 1913 1030 1170 1994 1683 1164 1269 1240 1288 1724 1591 1432 1926 1813 1054 1175 1179 1159 1569 1860 1534 1656 1485 1158 1559 1384 1330 1875 1571 1902 1184 1591 1281 1713 1903 1102 1596 1239 1655 1854 1279 1363 1053 1864 1926 1249 1843 1473 1590 1975 1758 1929 1835 1435 1565 1704 1525 1453 1304 1203 1083 1340 1293 1049 BCNSPRNW ULIB Ver.6.0+V

เปลี่ยนเป็นภาษาไทย

Change to English
 แสดงรายละเอียดบรรณานุกรม
  กลับหน้าหลัก

Brief Record : Get Marc (ISO 2709) : E-mail record : QR code < ปิดหน้าต่าง
LEADER : 00000nam 2200000uu 4500
001    13399114433
003     ULIB
008    110627s||||||||th 000 0 tha d
020    9747319152
098    นว.^bม162ร
100 0  มนันยา
245 00 รู้ไว้ใช่ฆ่า/^cมนันยา
250    พิมพ์ครั้งที่ 3
260    กรุงเทพฯ :^bสามสี,^c2542
300    224 หน้า
710 1  สามสี
945    ^p95^l0^i031543
995    ทศพร
999 ^a ใช้งานได้ทุกระบบ
รายการนี้ยังไม่มีแท็ก
คุณยังไม่ได้ล็อกอิน คุณสามารถมีกิจกรรมร่วมกับเว็บไซต์ได้ แต่ต้องล็อกอินก่อน ::
  ล็อกอิน

รายการสื่อสารสนเทศ

ลำดับที่ ประเภท เลขเรียก/บาร์โค้ด สถานที่ สถานะ
1. นวนิยาย
นวนิยาย
 ฉ.1 
  Barcode: 031543
ห้องสมุดวิทยาเขตสวรรค์ประชารักษ์
►นวนิยาย
บนชั้น
  ขอยืม

รายการใกล้เคียง
    ผู้แต่ง [มนันยา]

BibComment


ยังไม่เคยถูกคอมเมนท์

คอมเมนท์ทรัพยากรรายการนี้
  คอมเมนท์: รู้ไว้ใช่ฆ่า มนันยา


 Copyright 2026. Bcnsprnw @Library